A Corporate Level Novel Methods of Decentralized Authentication for Secure Cloud Data Sharing / (Record no. 541035)
[ view plain ]
| 000 -LEADER | |
|---|---|
| fixed length control field | 00487nam a22001457a 4500 |
| 082 ## - DEWEY DECIMAL CLASSIFICATION NUMBER | |
| Classification number | 004 |
| 100 ## - MAIN ENTRY--PERSONAL NAME | |
| Personal name | Khan, Subas |
| 245 ## - TITLE STATEMENT | |
| Title | A Corporate Level Novel Methods of Decentralized Authentication for Secure Cloud Data Sharing / |
| Statement of responsibility, etc. | Subas Khan |
| 260 ## - PUBLICATION, DISTRIBUTION, ETC. | |
| Place of publication, distribution, etc. | Islamabad : |
| Name of publisher, distributor, etc. | MCS - NUST, |
| Date of publication, distribution, etc. | 2017. |
| 300 ## - PHYSICAL DESCRIPTION | |
| Extent | 52 p. ; |
| Dimensions | 30cm. |
| 650 ## - SUBJECT ADDED ENTRY--TOPICAL TERM | |
| Topical term or geographic name entry element | Information Security-MS-Thesis |
| 700 ## - ADDED ENTRY--PERSONAL NAME | |
| Personal name | Dr. Imran Rashid |
| 942 ## - ADDED ENTRY ELEMENTS (KOHA) | |
| Source of classification or shelving scheme | |
| Koha item type | Thesis |
| 650 ## - SUBJECT ADDED ENTRY--TOPICAL TERM | |
| -- | 16348 |
| 700 ## - ADDED ENTRY--PERSONAL NAME | |
| -- | 35026 |
| Withdrawn status | Lost status | Source of classification or shelving scheme | Damaged status | Not for loan | Permanent Location | Current Location | Shelving location | Date acquired | Full call number | Barcode | Date last seen | Price effective from | Koha item type | Total Checkouts |
|---|---|---|---|---|---|---|---|---|---|---|---|---|---|---|
| Central Library (CL) | Central Library (CL) | Thesis | 11/18/2020 | 004 MCS | CL-T-1280 | 11/18/2020 | 11/18/2020 | Thesis | ||||||
| Central Library (CL) | Central Library (CL) | Thesis | 11/18/2020 | 004 MCS | CL-T-1195 | 11/18/2020 | 11/18/2020 | Thesis |
